• 首页
  • 本馆介绍
  • 公告通知
  • 最新文献
  • 馆藏检索
  • 电子资源
  • 读者导购
  • 参考咨询
  • 我的图书馆
  • 登录
  • 详细信息显示
  • 放入我的书架
  • 预约/预借图书
  • 作者相关作品
  • 分类相关作品
  • 丛书相关作品
  • 出版社相关作品

书目信息

  • 表格格式
  • 工作单格式
  • 卡片格式
题名:
大教学论
    
 
作者: 夸美纽斯 著 ;傅任敢 译
分册:  
出版信息: 北京   人民教育出版社  1984
页数: 260页
开本: 21cm
丛书名: 外国教育名著丛书
单 册:
中图分类: G40-01 , G40-015.14
科图分类:
主题词: 教育理论
电子资源:
ISBN:
000 00753nam2 2200277 45
001 0184006003
005 20040428164906.6
010    @dCNY2.10
100    @a19951021d1984 em y0chiy0121 ea
101 1  @achi@ccze
102    @aCN@b110000
105    @af z 000yy
106    @ar
200 10 @a大教学论@Adai jiao xue lun@f(捷)夸美纽斯著@g傅任敢译
210    @a北京@c人民教育出版社@d1984
215    @a260页@c照片@d21cm
225 2  @a外国教育名著丛书
410  0 @120010@a外国教育名著丛书
606    @a教育理论
690    @aG40-01@v3
690    @aG40-015.14
701  1 @a夸美纽斯@4著@Akua mei niu si
702  0 @a傅任敢@4译@Afu ren gan
801  0 @aCN@b深圳图书馆@c20040428
801  2 @aCN@bNLC@c20040428
905    @f1@b166711@dG40-015.14@e91
    
    大教学论/(捷)夸美纽斯著/傅任敢译.-北京:人民教育出版社,1984
    260页:照片;21cm.-(外国教育名著丛书)
    
    
    ISBN :CNY2.10
    
●
相关链接 在E读中查询图书 在五车中查询图书 在当当中查询图书 在豆瓣中查询图书


正题名:大教学论     索取号:G40-015.14/91         预约/预借

序号 登录号 条形码 馆藏地/架位号 状态 备注
1 0166711   000285373   第四借阅区/ [索取号:G40-015.14/91] 在馆    
2 0166713   000285382   第四借阅区/ [索取号:G40-015.14/91] 在馆    
唐山师范学院图书馆 欢迎您!
大连网信软件有限公司© 版权所有